| 000 | 01275nam a2200349 a 4500 | ||
|---|---|---|---|
| 001 | 000017244 | ||
| 003 | DO-SdBNP | ||
| 005 | 20251202111711.0 | ||
| 007 | ta | ||
| 008 | 100322s1947 dr c 000 0 spa d | ||
| 040 |
_aDO-SdBNP _bspa _cBNPHU _erda |
||
| 082 |
_aRD863.44 _bV496a _222 |
||
| 100 | 1 |
_aVerges, Pedro, _d1945- _eautor _912149 |
|
| 245 | 1 | 0 |
_aAnacaona : _b(1474-1503) / _cPedro L. Vergés Vidal. |
| 264 |
_aCiudad Trujillo, República Dominicana : _bMontalvo, _c1947. |
||
| 300 |
_a260 páginas. : _bretratos. ; _c21 cm. |
||
| 336 |
_2rdacontent _atexto _btxt |
||
| 337 |
_2rdamedia _asin mediación _bn |
||
| 338 |
_2rdacarrier _avolumen _bnc |
||
| 504 | _aIncluye referencias bibliográficas y notas al pie de las páginas | ||
| 504 | _aIncluye bibliografías : p. 225-233 | ||
| 586 | _aPrimer premio Juegos florales Hispanoamericanos 1940 | ||
| 590 | _aInventariado,2024/DG | ||
| 600 | 1 | 4 |
_aANACAONA _d1464-1504 _937904 |
| 650 | 0 |
_aNovela dominicana _9223 |
|
| 650 | 0 |
_aLiteratura dominicana. _967 |
|
| 650 | 0 |
_aIndios de las Antillas _91049 |
|
| 650 | 4 |
_aIndios taínos _937905 |
|
| 651 | 4 |
_aAmérica -- _xDescubrimiento y exploración -- _xEspañoles _9544 _vEnsayo, conferencias, etc. |
|
| 910 | _aValidado. Control de calidad MFF | ||
| 942 |
_2ddc _cLBS1 |
||
| 999 |
_c16769 _d16769 |
||